00916nam a2200265 a 4500008004100000020003200041040002500073041001300098044001100111080001500122100002400137245010500161250001300266260007200279300002800351490001800379500002700397700002900424700003100453700002700484700002000511958000600531999001700537952009600554951122s1985||||[C 0 slo c c58 Kčs. q(60000 výtl.) aSNKbslocSNKeAACR21 asloheng axocSK a820 (73)-31 aMailer, Norman4aut10aKatova pieseňcNorman Mailer ; Ján Vilikovský, Ján Vilikovský, Miroslav Cipár, Igor Imro a1., vyd. aBratislavabTatranaS.l.b,t. [vyd.]c1985eMartinfTlačiarne SNP a861 s., 57,26 AHc21 cm0 aLUKvZv. 110. aText na predsádkach.1 aVilikovský, Ján4trl1 aVilikovský, Ján4[ADC]1 aCipár, Miroslav4bkd1 aImro, Igor4bkd aA c12251d12251 001040708Ka10000b10000d2019-11-29g58.00i11545oB 5671r2019-11-29w2019-11-29yKLDO